Chemistry / (Record no. 18408)
[ view plain ]
| 000 -LEADER | |
|---|---|
| fixed length control field | 01159nam a22003378i 4500 |
| 001 - CONTROL NUMBER | |
| control field | 016628299 |
| 003 - CONTROL NUMBER IDENTIFIER | |
| control field | EG-ScBUE |
| 005 - DATE AND TIME OF LATEST TRANSACTION | |
| control field | 20250707092327.0 |
| 008 - FIXED-LENGTH DATA ELEMENTS--GENERAL INFORMATION | |
| fixed length control field | 140129t2014 enka f bd 001 0 eng d |
| 020 ## - INTERNATIONAL STANDARD BOOK NUMBER | |
| International Standard Book Number | 9781473707535 (pbk.) |
| 040 ## - CATALOGING SOURCE | |
| Original cataloging agency | EG-ScBUE |
| Language of cataloging | eng |
| Description conventions | rda |
| Transcribing agency | EG-ScBUE |
| Modifying agency | EG-ScBUE |
| 082 04 - DEWEY DECIMAL CLASSIFICATION NUMBER | |
| Classification number | 540 |
| Edition number | 22 |
| Item number | ZUM |
| 100 1# - MAIN ENTRY--PERSONAL NAME | |
| Personal name | Zumdahl, Steven S., |
| 9 (RLIN) | 31077 |
| Relator term | author. |
| 245 10 - TITLE STATEMENT | |
| Title | Chemistry / |
| Statement of responsibility, etc | Steven S. Zumdahl, University of Illinois, Susan A. Zumdahl, University of Illinois. |
| 250 ## - EDITION STATEMENT | |
| Edition statement | Ninth edition. |
| 250 ## - EDITION STATEMENT | |
| Edition statement | Cengage technology edition. |
| 264 #1 - PUBLICATION, DISTRIBUTION, ETC. (IMPRINT) | |
| Place of publication, distribution, etc | Hampshire, United Kingdom : |
| Name of publisher, distributor, etc | Cengage Learning, |
| Date of publication, distribution, etc | [2014] |
| 264 #4 - PUBLICATION, DISTRIBUTION, ETC. (IMPRINT) | |
| Date of publication, distribution, etc | c2014 |
| 300 ## - PHYSICAL DESCRIPTION | |
| Extent | 1 volume (various pagings) : |
| Other physical details | illustrations (some color) ; |
| Dimensions | 28 cm |
| 336 ## - CONTENT TYPE | |
| Source | rdacontent |
| Content type term | text |
| Content type code | txt |
| 337 ## - MEDIA TYPE | |
| Media type term | unmediated |
| Source | rdamedia |
| Media type code | n |
| 338 ## - CARRIER TYPE | |
| Carrier type term | volume |
| Carrier type code | nc |
| Source | rdacarrier |
| 500 ## - GENERAL NOTE | |
| General note | Includes glossary. |
| 500 ## - GENERAL NOTE | |
| General note | Includes appendix. |
| 504 ## - BIBLIOGRAPHY, ETC. NOTE | |
| Bibliography, etc | Includes bibliographical references and index.<br/> |
| 650 #7 - SUBJECT ADDED ENTRY--TOPICAL TERM | |
| Topical term or geographic name as entry element | Chemistry. |
| 9 (RLIN) | 4328 |
| Source of heading or term | BUEsh |
| 653 ## - INDEX TERM--UNCONTROLLED | |
| Resource For college | Engineering, Petroleum |
| Arrived date list | September2014 |
| 655 ## - INDEX TERM--GENRE/FORM | |
| Form subdivision | Reading book |
| 9 (RLIN) | 33728 |
| 700 1# - ADDED ENTRY--PERSONAL NAME | |
| Personal name | Zumdahl, Susan A., |
| 9 (RLIN) | 36107 |
| Relator term | author. |
| 942 ## - ADDED ENTRY ELEMENTS (KOHA) | |
| Source of classification or shelving scheme | Dewey Decimal Classification |
| Koha item type | Book - Borrowing |
| Withdrawn status | Lost status | Source of classification or shelving scheme | Damaged status | Not for loan | Collection code | Home library | Current library | Shelving location | Date acquired | Source of acquisition | Cost, normal purchase price | Total Checkouts | Full call number | Barcode | Date last seen | Cost, replacement price | Koha item type | Total Renewals | Date checked out |
|---|---|---|---|---|---|---|---|---|---|---|---|---|---|---|---|---|---|---|---|
| Dewey Decimal Classification | Baccah | Central Library | Central Library | First floor | 24/09/2014 | Purchase | 260.00 | 540 ZUM | 000036353 | 15/07/2025 | 325.00 | NB - Book (Non borrowing) | |||||||
| Dewey Decimal Classification | Baccah | Central Library | Central Library | First floor | 24/09/2014 | Purchase | 260.00 | 1 | 540 ZUM | 000036354 | 15/07/2025 | 325.00 | Book - Borrowing | 16 | 01/10/2014 | ||||
| Dewey Decimal Classification | Baccah | Central Library | Central Library | First floor | 24/09/2014 | Purchase | 260.00 | 2 | 540 ZUM | 000036355 | 15/07/2025 | 325.00 | Book - Borrowing | 19 | 09/03/2017 | ||||
| Dewey Decimal Classification | Baccah | Central Library | Central Library | First floor | 24/09/2014 | 260.00 | 3 | 540 ZUM | 000036356 | 15/07/2025 | 325.00 | Book - Borrowing | 8 | 07/03/2017 | |||||
| Dewey Decimal Classification | Baccah | Central Library | Central Library | First floor | 24/09/2014 | Purchase | 260.00 | 3 | 540 ZUM | 000036357 | 15/07/2025 | 325.00 | Book - Borrowing | 28 | 26/02/2017 | ||||
| Dewey Decimal Classification | Baccah | Central Library | Central Library | First floor | 24/09/2014 | Purchase | 260.00 | 1 | 540 ZUM | 000036358 | 15/07/2025 | 325.00 | Book - Borrowing | 12 | 05/03/2017 | ||||
| Dewey Decimal Classification | Baccah | Central Library | Central Library | First floor | 24/09/2014 | Purchase | 260.00 | 2 | 540 ZUM | 000036359 | 15/07/2025 | 325.00 | Book - Borrowing | 11 | 08/04/2017 | ||||
| Dewey Decimal Classification | Baccah | Central Library | Central Library | First floor | 24/09/2014 | Purchase | 260.00 | 2 | 540 ZUM | 000036360 | 15/07/2025 | 325.00 | Book - Borrowing | 5 | 23/02/2017 | ||||
| Dewey Decimal Classification | Baccah | Central Library | Central Library | First floor | 24/09/2014 | Purchase | 260.00 | 1 | 540 ZUM | 000036361 | 15/07/2025 | 325.00 | Book - Borrowing | 22/11/2021 | |||||
| Dewey Decimal Classification | Baccah | Central Library | Central Library | First floor | 24/09/2014 | Purchase | 260.00 | 1 | 540 ZUM | 000036362 | 15/07/2025 | 325.00 | Book - Borrowing | 12 | 23/02/2017 |